Statistics for New York Knicks Top 50 Career Points Leaders

Click here to take the quiz!

General Stats

  • This quiz has been taken 20 times
  • The average score is 15 of 50

Answer Stats

#Player NameTotal Points% Correct
1.Patrick Ewing23,665
100%
7.Carmelo Anthony10,186
79%
3.Willis Reed12,183
79%
2.Walt Frazier14,617
74%
26.Bernard King5,458
68%
17.Julius Randle7,445
68%
12.John Starks8,489
63%
16.Charles Oakley7,528
58%
40.Larry Johnson4,045
58%
25.Mark Jackson5,544
58%
31.Phil Jackson4,989
58%
18.Dave DeBusschere6,957
53%
4.Allan Houston11,165
47%
8.Earl Monroe9,679
47%
10.Bill Bradley9,217
42%
43.Anthony Mason3,893
37%
42.Nate Robinson3,897
37%
6.Richie Guerin10,392
37%
27.RJ Barrett5,374
37%
11.Bill Cartwright9,006
32%
28.Jamal Crawford5,269
32%
23.Kurt Thomas6,027
32%
21.Latrell Sprewell6,284
32%
37.Michael Ray Richardson4,485
26%
20.Ray Williams6,555
26%
29.Stephon Marbury5,232
26%
33.David Lee4,775
21%
9.Dick Barnett9,442
21%
35.Bob McAdoo4,560
16%
34.Cazzie Russell4,584
16%
45.Charlie Ward3,753
16%
39.Dick McGuire4,228
16%
50.Eddy Curry3,367
16%
15.Harry Gallatin7,771
16%
22.Johnny Green6,114
16%
30.Walt Bellamy5,072
16%
38.Amar'e Stoudamire4,411
11%
47.Spencer Haywood3,587
11%
48.Tim Hardaway Jr.3,504
11%
24.Trent Tucker5,725
11%
5.Carl Braun10,449
5%
14.Gerald Wilkins8,258
5%
41.Howard Komives3,993
5%
19.Kenny Sears6,854
5%
32.Nathanial Clifton4,919
5%
13.Willie Naulls8,318
5%
49.Dave Stallworth3,496
0%
44.Louis Orr3,768
0%
36.Ray Felix4,499
0%
46.Toby Knight3,640
0%

Score Distribution

Percentile by Number Answered

Percent of People with Each Score

Your Score History

You have not taken this quiz